Catálogo

Tratado de fisiología médica / (Registro nro. 38033)

Detalles MARC
000 -LEADER
fixed length control field 01358cam a2200349 i 4500
001 - CONTROL NUMBER
control field 38033
003 - CONTROL NUMBER IDENTIFIER
control field Mx-PuUPA
005 - DATE AND TIME OF LATEST TRANSACTION
control field 20240410103800.0
008 - FIXED-LENGTH DATA ELEMENTS--GENERAL INFORMATION
fixed length control field 140415s2001 mx ad r 000 0 spa d
020 ## - INTERNATIONAL STANDARD BOOK NUMBER
International Standard Book Number 9701035992
040 ## - CATALOGING SOURCE
Description conventions rda
Original cataloging agency Mx-PuUPA
Language of cataloging spa
Transcribing agency Mx-PuUPA
Modifying agency Mx-PuUPA
041 1# - LANGUAGE CODE
Language code of text/sound track or separate title spa
Language code of original eng
100 1# - MAIN ENTRY--PERSONAL NAME
Personal name Guyton, Arthur C.,
Fuller form of name (Clifton),
Dates associated with a name 1919-2003,
Relator term autor
9 (RLIN) 7640
240 10 - UNIFORM TITLE
Uniform title Textbook of medical physiology.
Language of a work Español
245 10 - TITLE STATEMENT
Title Tratado de fisiología médica /
Statement of responsibility, etc. Arthur C. Guyton, John E. Hall ; traducción José Luis Agud Aparicio [y otros seis].
250 ## - EDITION STATEMENT
Edition statement Decima edición /
Remainder of edition statement en español
264 #1 - PRODUCTION, PUBLICATION, DISTRIBUTION, MANUFACTURE, AND COPYRIGHT NOTICE
Place of production, publication, distribution, manufacture México, D.F. :
Name of producer, publisher, distributor, manufacturer McGraw-Hill Interamericana Editores,
Date of production, publication, distribution, manufacture, or copyright notice 2001
300 ## - PHYSICAL DESCRIPTION
Extent xxxi, 1280 páginas :
Other physical details ilustraciones, gráficas, tablas ;
Dimensions 28 cm.
336 ## - CONTENT TYPE
Content type term texto
Fuente rdacontent
Content type code txt
337 ## - MEDIA TYPE
Media type term sin medio
Source rdamedia
Media type code n
338 ## - CARRIER TYPE
Carrier type term volumen
Source rdacarrier
Carrier type code nc
650 #4 - SUBJECT ADDED ENTRY--TOPICAL TERM
Topical term or geographic name entry element Fisiología
700 1# - ADDED ENTRY--PERSONAL NAME
Personal name Hall, John E.,
Relator term autor
700 1# - ADDED ENTRY--PERSONAL NAME
Personal name Agud Aparicio, José Luis,
Relator term traductor
765 0# - ORIGINAL LANGUAGE ENTRY
Main entry heading Guyton, Arthur C.,
Place, publisher, and date of publication Pennsylvania : W.B. Saunders Company, ©2000
Title Textbook of medica physiology.
International Standard Book Number 072168677X
942 ## - ADDED ENTRY ELEMENTS (KOHA)
Source of classification or shelving scheme Dewey Decimal Classification
Koha item type Libro
Classification part 612
Item part G986
Existencias
Withdrawn status Lost status Source of classification or shelving scheme Damaged status Not for loan Collection code Home library Current library Shelving location Date acquired Source of acquisition Total Checkouts Total Renewals Full call number Barcode Date last seen Date last checked out Price effective from Koha item type Copy number Checked out
    Dewey Decimal Classification     General Biblioteca Karol Wojtyla Biblioteca Karol Wojtyla Sala general 03/12/2013 Compra 35 5 612 GUY 2001 59398 08/04/2026 17/03/2026 05/07/2018 Libro    
    Dewey Decimal Classification     General Biblioteca Karol Wojtyla Biblioteca Karol Wojtyla Sala general 03/12/2013 Compra 15 1 612 GUY 58755 05/01/2026 29/01/2020 12/11/2014 Libro    
    Dewey Decimal Classification     General Biblioteca Karol Wojtyla Biblioteca Karol Wojtyla Sala general 03/12/2013 Compra 25 2 612 GUY 71439 05/01/2026 18/01/2022 22/05/2014 Libro    
    Dewey Decimal Classification     General Biblioteca Karol Wojtyla Biblioteca Karol Wojtyla Sala general 03/12/2013 Compra     612 GUY 70046     03/12/2013 Libro    
    Dewey Decimal Classification     General Biblioteca Karol Wojtyla Biblioteca Karol Wojtyla Sala general 03/12/2013 Compra 23 2 612 G986 2001 71438 02/03/2026 06/02/2026 03/12/2013 Libro Ej.10  
  Extraviado Dewey Decimal Classification       Biblioteca Karol Wojtyla Biblioteca Karol Wojtyla   03/12/2013 Compra     612 GUY 57167     03/12/2013 Libro    
    Dewey Decimal Classification     General Biblioteca Karol Wojtyla Biblioteca Karol Wojtyla Sala general 03/12/2013 Compra 20 1 612 GUY 2001 57164 05/01/2026 23/02/2022 17/05/2017 Libro    
    Dewey Decimal Classification     General Biblioteca Karol Wojtyla Biblioteca Karol Wojtyla Sala general 03/12/2013 Compra 13 2 612 GUY 70045 05/01/2026 08/02/2020 12/11/2014 Libro    
  Extraviado Dewey Decimal Classification       Biblioteca Karol Wojtyla Biblioteca Karol Wojtyla   03/12/2013 Compra     612 GUY 73280     03/12/2013 Libro    
    Dewey Decimal Classification     General Biblioteca Karol Wojtyla Biblioteca Karol Wojtyla Sala general 03/12/2013 Compra 1   612 GUY 57166 30/01/2014 30/01/2014 03/12/2013 Libro   30/01/2014
  Extraviado Dewey Decimal Classification       Biblioteca Karol Wojtyla Biblioteca Karol Wojtyla   03/12/2013 Compra     612 GUY 71440     03/12/2013 Libro    
    Dewey Decimal Classification     General Biblioteca Karol Wojtyla Biblioteca Karol Wojtyla Sala general 03/12/2013 Compra 23 6 612 GUY 2001 57165 05/01/2026 16/04/2024 21/04/2017 Libro    
  Extraviado Dewey Decimal Classification       Biblioteca Karol Wojtyla Biblioteca Karol Wojtyla   03/12/2013 Compra     612 GUY 57168     03/12/2013 Libro    
    Dewey Decimal Classification     General Biblioteca Karol Wojtyla Biblioteca Karol Wojtyla Sala general 03/12/2013 Compra 30 5 612 G986 2001 59399 04/02/2026 13/02/2025 03/12/2013 Libro Ej.6